000 01740nam0a2200337 i 4500
001 RU\NLR\BIBL_A\011526572
005 20260405181551.0
010 _a9785431604126
_9150
021 _aRU
_b2017-76369
_95453
035 _a(RuMoRGB)009418140
035 _a(NLR Aleph) 011526572
090 _a12123277
_c12123277
100 _a20171115d2017 u y0rusy50 ca
101 0 _arus
102 _aRU
105 _a |||j|||001zy
200 1 _aТензоры
_eвводный курс с приложениями к анализу и геометрии
_eучебное пособие
_fЮ.Р. Мусин
_gМинистерство образования и науки Российской Федерации, Московский авиационный институт (Национальный исследовательский университет)
210 _aМосква
_cИзд-во МАИ
_d2017
215 _a171 с.
_cил., табл.
_d21
300 _aВ вып. дан.: тем. план 2017, поз. 10
320 _aБиблиогр.: с. 169-170 (40 назв.)
320 _aПредм. указ.: с. 162-164
606 _aТензорный анализ
_jУчебные издания для высших учебных заведений
_91062255
_3RU\NLR\AUTH\6694010
606 1 _aТензорная алгебра
_jУчебные издания для высших учебных заведений
_9935313
_3RU\NLR\AUTH\6626561
686 _aВ181.142я73-1
_2rubbk
686 1 _aВ181.142я73-1
700 1 _8rus
_7ca
_aМусин
_bЮ. Р.
_f1950-
_gЮрат Рашитович
_3RU\NLR\AUTH\7778410
_961338
942 _cBOOK
980 _aNBR